[Event "Foment Martinenc op-C 18th"]
[Site "Barcelona"]
[Date "2016.04.30"]
[Round "2"]
[White "Castano Valle, Diego"]
[Black "Roig Mollfulleda, Marcal"]
[Result "1-0"]
[WhiteElo "1700"]
[BlackElo "1360"]
[PlyCount "45"]
[EventDate "2016.04.23"]
[EventType "swiss"]
[EventRounds "9"]
[EventCountry "ESP"]
[SourceTitle "EXT 2017"]
[Source "ChessBase"]
[SourceDate "2016.10.25"]
[SourceVersion "1"]
[SourceVersionDate "2016.10.25"]
[SourceQuality "1"]

1. e4 e5 2. Nf3 Nc6 3. Bc4 Nf6 4. Nc3 d6 5. d3 Bg4 6. h3 Bh5 7. 0-0 Nd4 8. Be3 Nxf3+ 9. gxf3 Qd7 10. Kh2 0-0-0 11. a4 Rg8 12. Bxa7 h6 13. a5 Nh7 14. a6 Ng5 15. axb7+ Kxb7 16. Ba6+ Kxa7 17. Bb5+ Kb6 18. Bxd7 Rxd7 19. Nd5+ Kc6 20. c4 Rd8 21. Qa4+ Kb7 22. Qa7+ Kc8 23. Qxc7# 1-0